| 000 | 00978nam a22003257a 4500 | ||
|---|---|---|---|
| 001 | BR9507111 | ||
| 003 | BR-BrBNA | ||
| 005 | 20230928094710.0 | ||
| 007 | ta | ||
| 008 | 230509b bl.||||| |||| 00| 0 por d | ||
| 040 |
_aBR-BrBNA _bpor _cBiblioteca Nacional de Agricultura |
||
| 041 | _a(Por) | ||
| 072 | _aP40; F06 | ||
| 090 | _ P40 BR9507111 | ||
| 100 | 1 | _aFerreira, D.G. | |
| 100 | 1 | _aMelo, H.P. | |
| 100 | 1 | _aRodrigues Neto, F.R. | |
| 100 | 1 | _aNascimento, P.J.S. do | |
| 110 | 1 |
_aFundacao Grupo Esquel, Fortaleza, CE (Brasil) _94907 |
|
| 111 | 1 |
_aConferencia Nacional e Seminario Latino-Americano da Desertificacao _cFortaleza, CE (Brazil) _d7-11 Mar 1994 |
|
| 245 | 1 | _aA desertificacao no Nordeste do Brasil: diagnostico e perspectiva | |
| 260 | 3 |
_aFortaleza, CE (Brasil): _c1994. |
|
| 300 | _a56 p. | ||
| 500 | _a23 ref. | ||
| 650 | _aSeca | ||
| 650 | _aIrrigacao | ||
| 650 | _aRecurso Hidrico | ||
| 909 |
_a202309 _bLucia _c55 _dLucia Elande |
||
| 942 | _cBK | ||
| 999 |
_c52152 _d52152 |
||